000 01042nam a2200277 i 4500
001 6966
003 ES-MaACL
005 20250728100851.0
008 900719s1989 sp ||||1| spa d
020 _a84-206-2614-7
080 _a261.2"03"
080 _a27"03"
245 0 3 _aEl conflicto entre el paganismo y el cristianismo en el siglo IV /
_cArnaldo Momigliano y otros ; edición de Arnaldo Momigliano ; versión española de Marta Hernández Íñiguez ; prefacio y adendum bibliográfico de Javier Arce.
260 _aMadrid :
_bAlianza Editorial,
_c[1989]
300 _a251 p. ;
_c20 cm.
490 1 _aAlianza universidad ;
_v614
504 _aBibliografía: p. 233-237.
650 4 _aHistoria eclesiástica-
_yS.I-VI.
_913402
650 7 _aCristianismo y otras religiones
_2embne
_911436
700 1 _aMomigliano, Arnaldo.
_982077
700 1 _aHernández Iñiguez, Marta.
_962967
700 1 _aArce, Javier.
_922450
830 1 _aAlianza universidad ;
_v614
_9177276
852 _aES-MaACL
_jL-14220
999 _c6966
_d6966